Zur Lage des Archivwesens von Kirchen und Religionsgemeinschaften in Ungarn und Rumänien
| Titel: | Zur Lage des Archivwesens von Kirchen und Religionsgemeinschaften in Ungarn und Rumänien |
|---|---|
| Verfasser: | |
| In: |
Archivalische Zeitschrift, Band 89 (2007), Seite 171-239, Abb. alle Artikel anzeigen |
| Veröffentlicht: | 2007 |
| Format: | Aufsatz |
| Sprache: | Deutsch |
X
alg: 39224981 001A $01999:11-11-16 001B $01999:29-03-21 $t21:48:53.000 001C $06050:19-11-16 $t08:46:14.000 001D $01999:11-11-16 001U $0utf8 001X $00 002@ $0Aox 003@ $0392249812 007A $0392249812 $aHEB 007T $0Herdc0047278m 010@ $ager 011@ $a2007 021A $aZur Lage des Archivwesens von Kirchen und Religionsgemeinschaften in Ungarn und Rumänien 028A $aBaier $dHelmut 031A $d89 $h171-239, Abb. $j2007 037A $aBetr. 19 katholische, 6 calvinische, 6 lutherische sowie 5 Archive anderer Religionsgemeinschaften in Ungarn 037A $aengl. Res. 473: The Situation of Churches and Religious Communities in Hungary and Romania; franz. Res. 480 039B $aIn $8--Abvc--. Archivalische Zeitschrift. - Köln : Böhlau, 1876-. - ISSN 0003-9497 $x200700000890000829 $9047256281 045F $a907.209439 $eDDC23BSB 045F/01 $a907.2 045F/03 $g439 045T $a8 lok: 39224981 78 exp: 39224981 78 1 #EPN 201B/01 $019-04-17 $t11:07:20.000 201U/01 $0utf8 203@/01 $0788346180 208@/01 $a11-11-16 $be 209A/01 $a/ $f000 $x00 220C/01 $aTitelaufnehmer: pg 220C/01 $aHerkunft: HI Marburg 244Z/01 $2Trx $#Ungari $#Vengrija $#Ungārija $#Ungarn $#Hungary $#Węgry $#Maďarsko $#Maďarsko $#Uhorsko $#Uhersko;Uhry $8--Trx--Magyarország $x01 $9391197150 244Z/01 $2Trx $#Rumänien $#Rumunia $#Rumunsko $8--Trx--România $x02 $9391160249 244Z/01 $aGeschichte 1183-2004 $x03 244Z/01 $2Trx $#arhiivid kiriklik $#bažnyčių archyvai $#Archives church $#levéltárak egyházi $#archiwa kościelne $#archívy cirkevné $#archivy církevní $8--Trx--Archive$gkirchliche $x04 $9391362550 244Z/01 $2Trx $#arhiivi olemus $#archyvistika $#archivistics $#levéltári dolog $#archiwistyka $#archívnictvo $#archivnictví $8--Trx--Archivwesen $x05 $939135406X 244Z/01 $2Trx $#kirik, Rooma-Katoliku $#bažnyčia, Romos katalikų $#Church, Roman-Catholic $#Római katolikus templom $#kościół rzymskokatolicki $#cirkev rímsko-katolícka $#církev římsko-katolická $8--Trx--Kirche, römisch-katholische $x06 $9391382845 244Z/01 $2Trx $#kirikud, evangeelsed $#bažnyčios, evangelikų $#Churches, Protestant $#templomok, evangélikus $#kościoły ewangelickie $#cirkvi evanjelické $#církve evangelické $#kościół ewangelicko-augsburski $#kościół ewangelicko-luterański $#kościół luterański $8--Trx--Kirchen, evangelische $x07 $9391382926 244Z/01 $2Trx $#kirikud, reformeeritud $#bažnyčios, reformatų $#Reformed Churches $#templomok, református $#kościoły ewangelicko-reformowane $#cirkev kresťanská reformovaná $#církev křest'anská reformovaná $#kościoły reformowane $8--Trx--Kirchen, reformierte $x08 $9391380982 244Z/01 $2Trx $8--Trx--Zeitschriftenaufsatz $x09 $9391384341 245Z/01 $a04.02 $x01 247C/01 $82080>Marburg/Lahn, Herder-Institut, Forschungsbibliothek, Bibliographieportal $9336309341
| LEADER | 00000caa a22000002c 4500 | ||
|---|---|---|---|
| 001 | 392249812 | ||
| 003 | DE-603 | ||
| 005 | 20210329214853.0 | ||
| 007 | tu | ||
| 008 | 161111s2007 xx |||| | u00||u|ger c | ||
| 035 | |a (DE-599)HEB392249812 | ||
| 040 | |a DE-603 |b ger |c DE-603 |d DE-603 | ||
| 041 | |a ger | ||
| 082 | 0 | 4 | |8 1\u |a 907.209439 |q DE-101 |2 23/BSB |
| 084 | |a 8 |2 ssgn | ||
| 085 | |8 1\u |b 907.2 | ||
| 085 | |8 1\u |z 2 |s 439 | ||
| 100 | 1 | |a Baier, Helmut | |
| 245 | 0 | 0 | |a Zur Lage des Archivwesens von Kirchen und Religionsgemeinschaften in Ungarn und Rumänien |
| 264 | 0 | |c 2007 | |
| 500 | |a Betr. 19 katholische, 6 calvinische, 6 lutherische sowie 5 Archive anderer Religionsgemeinschaften in Ungarn | ||
| 500 | |a engl. Res. 473: The Situation of Churches and Religious Communities in Hungary and Romania; franz. Res. 480 | ||
| 773 | 0 | 8 | |i In |t Archivalische Zeitschrift |d Köln : Böhlau, 1876- |x 0003-9497 |g Band 89 (2007), Seite 171-239, Abb. |w (DE-603)047256281 |w (DE-600)201051-3 |
| 924 | 0 | |9 2080 |a (DE-603)788346180 |b DE-2080 |c HES |d d |g / | |


